India's Tribes Unfolding Realities: (Record no. 183025)

MARC details
000 -LEADER
fixed length control field 00601 a2200181 4500
005 - DATE AND TIME OF LATEST TRANSACTION
control field 20211215112933.0
010 ## - LCCN (DPL NO)
LC control number ENG-130316
020 ## - INTERNATIONAL STANDARD BOOK NUMBER
Terms of availability 1295.00
International Standard Book Number 978-93-5388-659-2
035 ## - SYSTEM CONTROL NUMBER
System control number EN-113848
037 ## - SOURCE OF ACQUISITION
Source of stock number/acquisition DBAD / PUB
082 ## - DEWEY DECIMAL CLASSIFICATION NUMBER
Classification number 305.800954
245 ## - TITLE STATEMENT
Title India's Tribes Unfolding Realities:
Statement of responsibility, etc Edited by Vinay Kumar Srivastava
250 ## - EDITION STATEMENT
Edition statement 2021
260 ## - PUBLICATION, DISTRIBUTION, ETC. (IMPRINT)
Name of publisher, distributor, etc Sage Publication India Pvt Ltd
Date of publication, distribution, etc 2021
Place of publication, distribution, etc New Delhi
270 ## - ADDRESS
Address B-1/i-i, Mohan Cooperative Industrial Area, Mathura Road
City New Delhi
Postal code 110044
300 ## - PHYSICAL DESCRIPTION
Extent 294p.
Dimensions 22cm (hbk)
942 ## - ADDED ENTRY ELEMENTS (KOHA)
Institution code [OBSOLETE] dpl
Item type English Books
Source of classification or shelving scheme Dewey Decimal Classification
Classification part 305.800954
Call number suffix SRI
Holdings
Withdrawn status Lost status Not for loan Collection code Home library Current library Date acquired Source of acquisition Cost, normal purchase price Full call number Barcode Copy number Cost, replacement price Koha item type
      Non-fiction Shahdara Branch Shahdara Branch 15/12/2021 DBAD/PUB 1295.00 305.800954 SRI EN-113848 1 1295.00 English Books

© Delhi Public Library
Hit Counter
free hit counter